Most Popular Turkish Dishes - Statistics

General Stats
  • This quiz has been taken 39 times
  • The average score is 6 of 12
Answer Stats
Picture Answer % Correct
Döner Kebab
100%
Baklava
85%
Lokum
74%
Dondurma
59%
Dolma
56%
Börek
53%
Manti
41%
Köfte
32%
Kokoreç
32%
Şiş Tavuk
24%
Cacık
21%
Gözleme
15%
No matching quizzes found
Score Distribution
Percent of People with Each Score
Percentile by Number Answered
Your Score History
You have not taken this quiz